Variational analysis and generalized differentiation I: Basic theory (Record no. 11004)
[ view plain ]
| 000 -LEADER | |
|---|---|
| fixed length control field | 00463nam a2200157Ia 4500 |
| 008 - FIXED-LENGTH DATA ELEMENTS--GENERAL INFORMATION | |
| fixed length control field | 230917s9999||||xx |||||||||||||| ||und|| |
| 020 ## - ISBN | |
| Price | EUR74.96 |
| 040 ## - CATALOGING SOURCE | |
| -- | 208373 |
| Original cataloging agency | VIVEKANANDA LIBRARY |
| 041 ## - Language | |
| -- | English |
| 082 ## - DDC NUMBER | |
| Classification number | 515.64 M811V |
| 100 ## - MAIN ENTRY--PERSONAL NAME | |
| Personal name | Mordukhovich, Boris S |
| 245 #0 - TITLE STATEMENT | |
| Title | Variational analysis and generalized differentiation I: Basic theory |
| 260 ## - PUBLICATION, DISTRIBUTION, ETC. (IMPRINT) | |
| Place of publication, distribution, etc | Berlin |
| Name of publisher, distributor, etc | Springer |
| Date of publication, distribution, etc | 2006 |
| 500 ## - GENERAL NOTE | |
| General note | 60 15/01/2014 C-7237 23/01/2014 Mathematics (NBHM) |
| 942 ## - ADDED ENTRY ELEMENTS (KOHA) | |
| Koha item type | Books |
| Withdrawn status | Lost status | Damaged status | Not for loan | Location (home branch) | Sublocation or collection (holding branch) | Date acquired | Koha issues (times borrowed) | Koha full call number | Accession No. | Koha date last seen | Koha item type |
|---|---|---|---|---|---|---|---|---|---|---|---|
| VIVEKANANDA LIBRARY | VIVEKANANDA LIBRARY | 26/03/2014 | 515.64 M811V | 329850 | 17/09/2023 | Books |
